Short story index (1955-1958)

Enregistré dans:
Détails bibliographiques
Format: Livre
Langue:Undetermined
Publié: New York H. W. Wilsen 1960
Sujets:
Tags: Ajouter un tag
Pas de tags, Soyez le premier à ajouter un tag!
Thư viện lưu trữ: Trung tâm Học liệu Trường Đại học Cần Thơ
LEADER 00417nam a2200157Ia 4500
001 CTU_25466
008 210402s9999 xx 000 0 und d
082 |a 016.808 
082 |b S559 
245 0 |a Short story index (1955-1958) 
260 |a New York 
260 |b H. W. Wilsen 
260 |c 1960 
650 |a indexes,short stories 
904 |i Minh, 980926 
980 |a Trung tâm Học liệu Trường Đại học Cần Thơ